|
|
|
|
| LEADER |
00000nas a2200000 a 4500 |
| 001 |
ssj0000402754 |
| 003 |
WaSeSS |
| 005 |
20200512172242.0 |
| 006 |
m d |
| 007 |
cr n |
| 008 |
100519c20109999nz ar p s 0 a0eng c |
| 010 |
|
|
|a 2011243670
|
| 016 |
7 |
|
|a 2586660-6
|2 DE-600
|
| 016 |
7 |
|
|a 101551170
|2 DNLM
|
| 022 |
|
|
|a 1179-271X
|l 1179-271X
|
| 035 |
|
|
|a (WaSeSS)ssj0000402754
|
| 040 |
|
|
|a FQM
|b eng
|c FQM
|d HEBIS
|d OCLCQ
|d NZ1
|d NTE
|d NLM
|d CUS
|d OCLCF
|d EUW
|d OCLCQ
|d OCLCO
|d OCLCQ
|d CASUM
|d OCLCQ
|d OCLCA
|d WT2
|d OCLCQ
|d AU@
|d OCLCQ
|d OCLCO
|d CNMTR
|d OCLCA
|d OCLCQ
|d WaSeSS
|
| 042 |
|
|
|a pcc
|
| 050 |
|
4 |
|a R853.O87
|
| 060 |
1 |
0 |
|a W1
|
| 082 |
0 |
4 |
|a 362.105
|2 22
|
| 210 |
1 |
0 |
|a Patient Relat Outcome Meas
|2 dnlm
|
| 245 |
0 |
0 |
|a Patient related outcome measures
|h [electronic resource].
|
| 246 |
3 |
0 |
|a PROM
|
| 260 |
|
|
|a Auckland, NZ :
|b Dove Medical Press
|
| 310 |
|
|
|a Annual
|
| 362 |
1 |
|
|a Began with vol. 1 (2010).
|
| 506 |
|
|
|a License restrictions may limit access.
|
| 516 |
|
|
|a Articles in PDF and Html format.
|
| 588 |
0 |
|
|a Vol. 1 (2010); title from journal home page (Publisher's Web site, viewed May 17, 2010).
|
| 588 |
1 |
|
|a Vol. 1 (2010) (viewed Sept. 22, 2011).
|
| 650 |
|
0 |
|a Outcome assessment (Medical care)
|v Periodicals.
|
| 650 |
|
0 |
|a Patients
|v Periodicals.
|
| 650 |
1 |
2 |
|a Health Services.
|
| 650 |
2 |
2 |
|a Outcome and Process Assessment, Health Care.
|
| 650 |
2 |
2 |
|a Patient Satisfaction.
|
| 650 |
2 |
2 |
|a Quality of Health Care.
|
| 650 |
|
7 |
|a Outcome assessment (Medical care)
|2 fast
|0 (OCoLC)fst01049109
|
| 650 |
|
7 |
|a Patients.
|2 fast
|0 (OCoLC)fst01055033
|
| 655 |
|
0 |
|a Electronic journals.
|
| 856 |
4 |
0 |
|z Full text available from Research Library: 01/01/2010 to present
|u https://search.proquest.com/publication/3933305
|